| 000 | 00603nam a2200217Ia 4500 | ||
|---|---|---|---|
| 003 | OSt | ||
| 005 | 20230525144827.0 | ||
| 008 | 210423s2000 xx 000 0 und d | ||
| 040 | _cAL | ||
| 041 | _aeng | ||
| 082 |
_a361 _223 _bSACS |
||
| 100 |
_aSACHDEVA (D R) _9113917 |
||
| 245 | _aSocial welfare administration in india | ||
| 260 |
_aAllahabad _bKitab Mahal _c2000 |
||
| 300 |
_axiii,311 _bHB |
||
| 365 | _cINR | ||
| 650 |
_aSocial Problems & Services _9113918 |
||
| 650 |
_aSocial Problems & Social Welfare _9113919 |
||
| 906 | _aadministration ; india ; Social ; welfare | ||
| 942 |
_2ddc _cBK |
||
| 999 |
_c173230 _d173230 |
||